Advances in dynamics, instrumentation and control : Proceedings of the 2004 International Conference (CDIC ’04) : Nanjing, China, 18-20 August, 2004
This volume is a compilation of 50 articles representing the scientific and technical advances in various aspects of system dynamics, instrumentation, measurement techniques, and control. It serves as an important resource in the field. The topics include state-of-the-art contributions in the fields...
Guardado en:
| Formato: | Libro |
|---|---|
| Lenguaje: | Undetermined |
| Publicado: |
Hackensack, N.J.
World Scientific
2004
|
| Materias: | |
| Etiquetas: |
Agregar Etiqueta
Sin Etiquetas, Sea el primero en etiquetar este registro!
|
| Thư viện lưu trữ: | Trung tâm Học liệu Trường Đại học Cần Thơ |
|---|
| LEADER | 01413nam a2200229Ia 4500 | ||
|---|---|---|---|
| 001 | CTU_156292 | ||
| 008 | 210402s9999 xx 000 0 und d | ||
| 020 | |c 3571700 | ||
| 082 | |a 620.0011 | ||
| 082 | |b A244 | ||
| 245 | 0 | |a Advances in dynamics, instrumentation and control : | |
| 245 | 0 | |b Proceedings of the 2004 International Conference (CDIC ’04) : Nanjing, China, 18-20 August, 2004 | |
| 245 | 0 | |c editors, Chun-Yi Su ... [et al.] | |
| 260 | |a Hackensack, N.J. | ||
| 260 | |b World Scientific | ||
| 260 | |c 2004 | ||
| 520 | |a This volume is a compilation of 50 articles representing the scientific and technical advances in various aspects of system dynamics, instrumentation, measurement techniques, and control. It serves as an important resource in the field. The topics include state-of-the-art contributions in the fields of dynamics and control of nonlinear, hybrid, stochastic, time-delayed and piecewise affine systems; nonlinear control theory; control of chaotic systems; adaptive, model predictive and real-time controls, with applications involving vehicular systems, fault diagnostics, and flexible and cellular manufacturing systems, vibration suppression, biomedical, mobile robots, etc. | ||
| 650 | |a Engineering,Dynamics,System analysis | ||
| 650 | |x Mathematical models | ||
| 650 | |z Congresses | ||
| 904 | |i Bạch Trúc | ||
| 980 | |a Trung tâm Học liệu Trường Đại học Cần Thơ | ||